| 000 | 01255cab a2200241 4500 | ||
|---|---|---|---|
| 001 | ABS37105 | ||
| 008 | 090401t1986 xxu||||| |||| 00| 0 eng d | ||
| 035 | _a(Sirsi) u2335 | ||
| 041 | _aeng | ||
| 100 | _aStuart, S.L. | ||
| 245 | _aImpact as a planning consideration in major shopping development proposals | ||
| 260 | _c1986 | ||
| 350 | _a0 | ||
| 490 |
_aScottish Planning Law and Practice _v(19) October 1986, 70-72(3) |
||
| 520 | _aConsiders to what extent the impact of major retail development proposals on existing centres may be a material planning consideration, concentrating on hypermarkets , superstores and supermarkets and retail warehouses . Examines a potential problem with impact policies, ie. the difficulty of distinguishing between a legitimate attempt to avoid an adverse effect on existing centres and their continuing viability and an illegitimate purpose of trying to protect shops in such centres from ordinary business competition. Extensive lists of references, the majority of which are Scottish decisions. | ||
| 650 | _aOUT-OF-TOWN SHOPPING CENTRES | ||
| 650 | _aPLANNING FACTORS | ||
| 650 | _aSCOTLAND | ||
| 650 | _aSHOPPING CENTRES | ||
| 690 | _aPLANNING LAW AND PRACTICE | ||
| 942 | _n0 | ||
| 948 | _c04/03/1997 | ||
| 999 |
_c1411 _d1411 |
||